Measures of success (Registro nro. 7505)

Detalles MARC
000 -CABECERA
Campo de control 00735nam a22002177a 4500
005 - FECHA Y HORA DE LA ULTIMA TRANSACCION
Campo de control 20130801150344.0
008 - ELEMENTOS DE LONGITUD FIJA—INFORMACION GENERAL
Campo de control 130801b1998 xxu||||| |||| 00| 0 spa d
020 ## - ISBN
ISBN 1559636122
041 ## - IDIOMA
Código de idioma para texto/pista de sonido o título separado Inglés
044 ## - PAÍS DE PUBLICACIÓN
País de publicación Estados Unidos
082 ## - NUMERO DE CLASIFICACION DECIMAL DEWEY
Número de clasificación 333.95
Número del ítem M329m
100 10 - ASIENTO PRINCIPAL--NOMBRE PERSONAL
Nombre personal Margoluis, Richard
245 ## - MENCION DE TITULO
Título Measures of success
Parte restante del título Disignin, managing, and monitoring conservation and development projects
Mención de responsabilidad Richard Margoluis and Nick Salafsky
260 ## - PUBLICACION, DISTRIBUCION, ETC. (PIE DE IMPRENTA)
Lugar de publicación, distribución, etc. Washington
Nombre del editor, distribuidor, etc. Island Press.
Fecha de publicación, distribución, etc. 1998
300 ## - DESCRIPCION FISICA
Extensión 362 p.
Otros detalles físicos il., tablas
Dimensiones 28 cm.
650 ## - ASIENTO SECUNDARIO DE MATERIA - TERMINO TEMATICO
Término temático o nombre geográfico como elemento de entrada Biological diversity conservation
650 ## - ASIENTO SECUNDARIO DE MATERIA - TERMINO TEMATICO
Término temático o nombre geográfico como elemento de entrada Conservation projects
Subdivisión general Natural resources
700 ## - ASIENTO SECUNDARIO - NOMBRE PERSONAL
Nombre personal Salafsky, Nick
700 ## - ASIENTO SECUNDARIO - NOMBRE PERSONAL
Nombre personal Balla, Ana
Fechas asociadas con el nombre Il.
942 ## - ELEMENTOS ADICIONALES (KOHA)
Sistema de clasificación Dewey Decimal Classification
Tipo de ítem Impreso
Existencias
Withdrawn status Lost status Sistema de Clasificación Damaged status No para préstamo Colección Inventariado Ubicación Permanente Ubicación actual Fecha de adquisición Valor Total Checkouts Número topográfico Inventario / Código de Barras Date last seen Ejemplar Price effective from Tipo de material
    Dewey Decimal Classification     General Inventariado 2017 Bogotá Bogotá 01/08/2013 39000.00   LB 333.95 M329m 028757 01/08/2013 Ej. 1 01/08/2013 Libro